<?xml version="1.0" encoding="UTF-8"?>
<marc:record xmlns:marc="http://www.loc.gov/MARC21/slim">
   <marc:leader>00000nam a2200000 a 4500</marc:leader>
   <marc:datafield ind1="1" ind2=" " tag="100">
      <marc:subfield code="a">Hertfelder, Bernhard</marc:subfield>
      <marc:subfield code="4">aut</marc:subfield>
      <marc:subfield code="e">Verfasser/-in</marc:subfield>
   </marc:datafield>
   <marc:datafield ind1="1" ind2=" " tag="100">
      <marc:subfield code="a">Kistler, Roman</marc:subfield>
   </marc:datafield>
   <marc:datafield ind1=" " ind2=" " tag="653">
      <marc:subfield code="a">g||Augsburg / Sankt Ulrich und Afra</marc:subfield>
   </marc:datafield>
   <marc:datafield ind1="0" ind2="0" tag="245">
      <marc:subfield code="a">Basilica, daß ist herrliche Kirchen des Frey-Reichs Klosters St. Ulrich und Afra zu Augsburg</marc:subfield>
   </marc:datafield>
   <marc:datafield ind1="0" ind2="0" tag="245">
      <marc:subfield code="b">sambt den Heiligthümber, Altär und silbern Bildnussen, so in selber noch aufbehalten werden</marc:subfield>
   </marc:datafield>
   <marc:datafield ind1="0" ind2="0" tag="245">
      <marc:subfield code="c">... auß Latein in Teutsch ubersetzt und vermehrt von Romano Kistler O.S.B. [Ermittelt: Bernhard Hertfelder]</marc:subfield>
   </marc:datafield>
   <marc:datafield ind1=" " ind2="1" tag="264">
      <marc:subfield code="a">Augspurg</marc:subfield>
      <marc:subfield code="b">Labhart</marc:subfield>
      <marc:subfield code="c">1712</marc:subfield>
   </marc:datafield>
   <marc:datafield ind1="1" ind2=" " tag="520">
      <marc:subfield code="a">Ex libris: Ignatii Felicis Josephi Reinhard</marc:subfield>
   </marc:datafield>
   <marc:datafield ind1=" " ind2=" " tag="300">
      <marc:subfield code="a">[7] Bl., 98 S., [2], 54, [5] Bl. : zahlr. Ill.; 31,5 cm</marc:subfield>
   </marc:datafield>
</marc:record>
